000 00888nam a2200241 i 4500
001 12633
003 KOSZ 005
005 20190730144418.0
008 070608s1970 pl a f 000 0 pol
015 _aPB 1970/2695
040 _aWA N
_cKOSZ 005/RW
_dKOSZ 005/RW
080 _a62+66/69:338.98
100 1 _aByrski, Bronisław.
_eAutor
245 1 0 _aKoordynacja gospodarki przedsiębiorstw w ośrodkach przemysłowych /
_cBronisław Byrski.
260 _aWarszawa :
_bPaństwowe Wydawnictwo Ekonomiczne,
_c1970.
300 _a241, [3] s., [1] k. tabl. :
_bil. ;
_c18 cm.
380 _aKsiążki.
504 _aBibliogr. s. 235-[240].
650 4 _aPrzemysł
_xorganizacja.
710 2 _aPaństwowe Wydawnictwo Ekonomiczne
_4pbl.
856 _uhttp://koha.tu.koszalin.pl/cgi-bin/koha/opac-detail.pl?biblionumber=12633
_yKatalog online BPK
942 _2UKD
_cKS
999 _c12633
_d12633